00468 2200169 4500001002100000005001500021035002000036245008200056100001800138300002600156260003200182082001200214084001800226020002200244600001500266990001700281INLIS00000000000142120260407082608 a0010-04260000051 aWahai Isteri Selamatkan Suami dan Anak-Anakmu dari Siksa Kubur /cM. Al farbi0 aFarbi,M. Al f a228 hlm ;c14 X 21 cm aYogyakarta :bAraska,c2021 a297.577 a297.577 FA w a978-623-7910-67-1 4aPernikahan a4776/PP/2026